| 000 | 01488cam a2200421 a 4500 | ||
|---|---|---|---|
| 001 | 2273 | ||
| 003 | FISKH | ||
| 005 | 20250211154908.0 | ||
| 008 | 111216s2012 caua b 000 0 eng c | ||
| 010 | _a 2011051360 | ||
| 020 | _a9781452102955 (alk. paper) | ||
| 020 | _a9780545600484 | ||
| 040 |
_aNJQ/DLC _cNJQ _beng |
||
| 042 |
_apcc _alcac |
||
| 050 | 0 | 0 |
_aPZ7.B27576 _bIwbe 2012 |
| 082 | 0 | 0 |
_a813.6 _223 |
| 100 | 1 | _aBarrows, Annie. | |
| 245 | 1 | 0 |
_aIvy + Bean make the rules / _cwritten by Annie Barrows ; illustrated by Sophie Blackall. |
| 246 | 3 | _aIvy and Bean make the rules | |
| 250 | _aFirst Scholastic printing, May 2013 | ||
| 260 |
_aNew York : _bScholastic, _c2012 |
||
| 300 |
_a126 pages : _billustrations ; _c20 cm |
||
| 490 | 0 |
_aIvy + Bean ; _vBook 9 |
|
| 505 | _aK | ||
| 520 | _aSeven-year-old Bean is too young to go to the camp her sister Nancy is attending, so she and her best friend Ivy decide to create their own camp. | ||
| 521 | 8 |
_a510
_bLexile |
|
| 521 | 8 |
_aK
_bRaz-Plus |
|
| 600 | 0 | 0 |
_aBean _c(Fictitious character from Barrows) _vJuvenile fiction. |
| 650 | 0 |
_aIvy (Fictitious character : Barrows) _vJuvenile fiction. |
|
| 650 | 0 |
_aCamps _vJuvenile fiction. |
|
| 650 | 0 |
_aBest friends _vJuvenile fiction. |
|
| 650 | 1 |
_aCamps _vFiction. |
|
| 650 | 1 |
_aBest friends _vFiction. |
|
| 650 | 1 |
_aFriendship _vFiction. |
|
| 700 | 1 |
_aBlackall, Sophie, _eillustrator |
|
| 906 |
_a7 _bcbc _corignew _d1 _eecip _f20 _gy-gencatlg |
||
| 942 |
_2ddc _cBK _n0 |
||
| 999 |
_c2273 _d2273 |
||